000 00690nam a2200205 4500
005 20250506134819.0
008 250506b |||||||| |||| 00| 0 spa d
082 _aR 030 E56e
245 _aVolumen 4: Enciclopedia universal del estudiante
260 _aEspaña
300 _a720 páginas
440 _aEnciclopedia universal del estudiante
520 _aVolumen 4: Geografía general, Atlas, Geografía descriptiva, Ecología, Geología
650 _aGEOGRAFÍA GENERAL
650 _aGEOGRAFÍA DESCRIPTIVA
650 _aECOLOGÍA
650 _aGEOLOGÍA
942 _cREV
999 _c13811
_d13811
773 0 _013807
_937930
_a
_b
_dEspaña
_oVOL 1-8
_tEnciclopedia universal del estudiante
_w
_x9788449440915
_z